000 00560nam a22001457a 4500
020 _a978-93-95976-96-1
082 _a823
_bMAP/R
100 _aMAPLE KIDS
245 _aC.V.RAMAN
260 _aUP
_bMAPLE KIDS
_c2023
300 _a16
520 _aHe was the recipient of the Nobel Prize for Physics in 1930 for the discovery that when light traverses a transparent material, some of the light that is deflected changes in wavelength. This phenomenon is now called Raman scattering and is the result of the Raman effect.
650 _aSHOPRT STORY
942 _cBK
999 _c6928
_d6928